| 000 | 00428nam a2200181Ia 4500 | ||
|---|---|---|---|
| 001 | 3025 | ||
| 005 | 20260306144850.0 | ||
| 008 | 260306t1997||||xx |||||||||||||| ||spa|| | ||
| 041 | _aESP | ||
| 082 |
_a242 _bV63 |
||
| 100 |
_aAsociación Vida y Espiritualidad _eAUT |
||
| 245 | 0 | _aCamino hacia Dios | |
| 260 | _c1997 | ||
| 300 |
_a173 pƔginas : T. 1 _c19 cm. |
||
| 650 | _aGEN | ||
| 654 | _aCHU | ||
| 942 |
_cLIB _dJUS _fJUS _2ddc _n |
||
| 999 |
_c3025 _d3025 |
||